El arte en la educación especial
Sábháilte in:
| Príomhchruthaitheoir: | |
|---|---|
| Formáid: | LEABHAR |
| Teanga: | Spáinnis |
| Foilsithe / Cruthaithe: |
Barcelona
Ceac
1981
|
| Eagrán: | 2a. ed |
| Sraith: | Colección educación y enseñanza. Serie educación especial
|
| Ábhair: | |
| Clibeanna: |
Cuir clib leis
Níl clibeanna ann, Bí ar an gcéad duine le clib a chur leis an taifead seo!
|
MARC
| LEADER | 00000nam a2200000 a 4500 | ||
|---|---|---|---|
| 001 | UCY8866 | ||
| 003 | CL-VaPUC | ||
| 008 | 950707e19811200SP |||||||||||||||||spa|d | ||
| 082 | 0 | 4 | |a 371.9 |b TIL |2 21 |
| 100 | 0 | |a Tilley, Pauline |e author |9 340599 | |
| 245 | 1 | 3 | |a El arte en la educación especial |
| 250 | |a 2a. ed | ||
| 300 | |a 164 p | ||
| 942 | |c BK | ||
| 945 | |d 19950707 00:00:00 |a mfernand | ||
| 260 | |a Barcelona |b Ceac |c 1981 | ||
| 650 | 0 | |a Educación especial |9 307486 | |
| 650 | 0 | |a Arte |9 265238 | |
| 650 | 7 | |a NIÑOS MINUSVALIDOS |2 CL-VaPUC |9 309747 | |
| 650 | 0 | |a Alumnos subordinados |9 339380 | |
| 650 | 0 | |a Minusválidos mentales |9 311830 | |
| 650 | 0 | |a Trastornos del aprendizaje |9 307969 | |
| 650 | 7 | |a EDUCABILIDAD |2 CL-VaPUC |9 340600 | |
| 583 | |a last modification |c 19950707 00:00:00 |k Rodrigo Vera | ||
| 490 | 0 | |a Colección educación y enseñanza. Serie educación especial | |
| 999 | |c 236047 |d 236045 | ||
| 952 | |0 0 |1 0 |4 0 |6 371_900000000000000_TIL_1981 |7 0 |8 P |9 243864 |a BIBEDU |b BIBEDU |c BIBEDU_PB |d 2019-11-18 |i 1530259 |o 371.9 TIL 1981 |p 1530259 |r 2024-01-25 |w 2019-11-18 |y BK |k EDU | ||